00623nam a2200229Ia 450000500170000000800410001702000180005804100120007608200170008810000140010524500450011926000690016430000150023365000170024865000180026565000110028365000180029470000230031270000200033570000170035570000210037220260429112258.0260429s9999||||xx |||||||||||||| ||und|| a9789348596420 aEnglish a634.095bGOP aGopal, K. 0aExotic fruit crops in India / cK. Gopal aNew Delhi : bToday & Tomorrow's Printers and Publishers,c2025. a204 p.; hb a Fruit crops a Horticulture a India aExotic fruits a Hussain, S. Firoz a Kumar, K. Ajay a Ramaiah, M. a Srinivasulu, B.